000 02394cam a22004694i 4500
003 PE-LiUPU
005 20250731173400.0
008 150706s r 000 0 d
020 _a8428517916
035 _a(Sirsi) i9788428517911
040 _aPE-LiUPU
_bspa
_cPE-LiUPU
_erda
049 _aPRUA
082 0 4 _a231.042
_bT69
_221
100 1 _aTornos, Andrés,
_eautor.
245 1 0 _aCuando hoy vivimos la fe :
_bteología para tiempos difíciles /
_cAndrés Tornos.
264 1 _aMadrid :
_bSan Pablo,
_c1995.
300 _a317 páginas ;
_c21 centímetros
336 _atext
_2rdacontent
337 _aunmediated
_2rdamedia
338 _avolume
_2rdacarrier
490 0 _aTeología siglo XXI ;
_v20
505 0 _aUn mundo apresurado, correr detrás, correr delante del tiempo -- Un mundo complicado. Signos para andar por la vida -- Idea del hombre y experiencia de lo humano -- Caminos -- Antropologías y fundamentación de la fe -- Del giro antropológico al giro textual: hombres y textos -- Experiencias -- Experiencias de Dios -- Vino nuevo, nuevo ser. La gracia como "novedad" -- Los teólogos y el más allá -- Fin de milenio y esperanza cristiana -- Análisis -- Hombre y mujer en el pensamiento occidental: un enfoque teológico -- La oración bajo sospecha. Una reflexión desde la idea de identidad cristiana -- Pensar religiosamente sobre el pecado -- Teología de la historia y comprensión de nuestro tiempo -- Profecía extranjera -- Visiones de Jesucristo en Nietzsche -- Sobre Wittgenstein y lo religioso -- Evangelizar -- La vida cotidiana, campo de evangelización.
526 _aSEG42
526 _aSEG41
526 _aSEG40
526 _aSEG39
526 _aP94
526 _aP87
526 _aP86
526 _aP85
526 _aP77
526 _aP76
526 _aP35
541 _g007-0021089;
650 0 4 _aTeología
_ySiglo XX.
910 _agl
_bjv
_clch
_d20110206
942 _2ddc
_cBOOK
949 _a231.042 T69
_wDEWEY
_c1
_i62500
_lCCODEBUL1
_mBUL
_p6.00
_r0
_sY
_tBOOK
_u2015-7-6
_xTEOLOGIA
_PP35
_0COMPRA
_o.STAFF. Colección General
994 _aC0
_bPEPRU
596 _a1
999 _a231.042 T69
_wDEWEY
_c51556
_i62500
_f2021-11-9
_g5
_lCCODEBUL1
_mBUL
_p6.00
_r0
_sY
_tBOOK
_u2015-7-6
_xTEOLOGIA
_PP35
_0COMPRA
_o.STAFF. Colección General
_d51556
980 _81
_gALBERTO SANCHEZ Responsable de Automatización